Eurofondy určené pre súkromný sektor v podmienkach Slovenskej republiky
Inovácie a technologické transfery. Podpora inovačných aktivít v podnikoch. Oprávnené aktivity. Podmienky čerpania štrukturálnych fondov pre súkromný sektor na Slovensku. Získanie nenávratného finančného príspevku. Všeobecné zásady efektívnej prípravy projektu.
Salvato in:
| Autore principale: | |
|---|---|
| Natura: | Capitolo di libro |
| Lingua: | slovacco |
| Soggetti: | |
| Tags: |
Nessun Tag, puoi essere il primo ad aggiungerne!!
|
MARC
| LEADER | 00000naa$a2200000$$$4500 | ||
|---|---|---|---|
| 001 | 0091795 | ||
| 005 | 20231106075619.2 | ||
| 041 | 0 | |a slo | |
| 044 | |a SK | ||
| 245 | 1 | 0 | |a Eurofondy určené pre súkromný sektor v podmienkach Slovenskej republiky |c Ľubomír Tomašov |
| 520 | |a Inovácie a technologické transfery. Podpora inovačných aktivít v podnikoch. Oprávnené aktivity. Podmienky čerpania štrukturálnych fondov pre súkromný sektor na Slovensku. Získanie nenávratného finančného príspevku. Všeobecné zásady efektívnej prípravy projektu. | ||
| 610 | 2 | 0 | |a sektor súkromný |
| 610 | 2 | 0 | |a inovácia |
| 610 | 2 | 0 | |a podnik |
| 610 | 2 | 0 | |a projekty |
| 610 | 2 | 0 | |a eurofondy |
| 100 | 1 | |a Tomašov, Ľubomír | |